| 000 | 00798nam a2200193 a 4500 | ||
|---|---|---|---|
| 001 | 000041779 | ||
| 005 | 20201002035741.0 | ||
| 008 | 131017s1998 sp ac 000 0 spa d | ||
| 020 | _a8400077350 | ||
| 040 |
_aDO-SdBNP _bspa _cBNPHU |
||
| 100 | 1 |
_aCores Trasmonte, Baldomero _968637 |
|
| 245 | 1 | 0 |
_aOs Senadores Da Universidade de Santiago / _cBaldomero Cores Trasmonte. |
| 260 |
_aSantiago de Compostela : _bInstituto Padre Sarmiento de Estudios Gallegos, _c1998. |
||
| 300 |
_a395 p., [10]p. de lám. : _bil., retrs. ; _c24 cm. |
||
| 490 | 1 |
_aCuadernos de Estudios Gallegos. Anexo _v26 |
|
| 504 | _aIncluye referencias bibliográficas y notas al pie de las páginas | ||
| 710 | 2 |
_aInstituto Padre Sarmiento de Estudios Gallegos _968638 |
|
| 830 | 0 |
_aCuadernos de Estudios Gallegos. Anexo _v26 _967537 |
|
| 999 |
_c41268 _d41268 |
||